Normal view
MARC view
Entry Personal Name
001 - CONTROL NUMBER
- control field: 24310
003 - CONTROL NUMBER IDENTIFIER
- control field: ARRUPE
005 - DATE AND TIME OF LATEST TRANSACTION
- control field: 20160503105201.0
008 - FIXED-LENGTH DATA ELEMENTS
- fixed length control field: 160503|| aca||aabn | a|a d
040 ## - CATALOGING SOURCE
- Original cataloging agency: ARRUPE
- Transcribing agency: ARRUPE
100 ## - HEADING--PERSONAL NAME
- Personal name: Welch, Gita Honwana.
670 ## - SOURCE DATA FOUND
- Source citation: Work cat.: (ARRUPE)0: Sachs, Albie, 1935- 24307, Liberating the law :, 1990.